000 00726cam a2200181 i 4500
005 20251127113026.0
008 250721s1992 le gr 000 0 ara d
082 1 4 _a211.921651
_bم ح ا
100 1 _aالمحامي، محمد كامل حسن
_eمؤلف.
245 1 2 _aالعلاقات الإنسانية في القرآن الكريم /
_cتأليف محمد كامل حسن المحامي.
264 3 1 _aبيروت :
_bمنشورات المكتب العالمي للطباعة والنشر،
_c1992.
300 _a108 صفحة.
490 0 _aالموسوعة القرآنية
650 1 7 _aالعلاقات الأنسانية.
650 1 7 _aالقرآن الكريم.
942 _2ddc
_cBK
999 _c102773
_d102773